| 000 | 00476nam a2200205Ia 4500 | ||
|---|---|---|---|
| 008 | 240510s9999 xx 000 0 und d | ||
| 020 | _a0008131503208 | ||
| 041 | _aEng | ||
| 082 | _a658.4038 | ||
| 082 | _bS71 | ||
| 100 | _aSTAIR, R. & REYNOLDS, G.: | ||
| 245 | 0 | _aPRINCIPLES OF INFORMATION SYSTEMS | |
| 250 | _a8th ed. | ||
| 260 | _bINDIA : THOMPSON | ||
| 260 | _c2008 | ||
| 300 | _a652 p. | ||
| 650 | _aINFORMATION SYSTEMS : | ||
| 942 | _2ddc | ||
| 942 | _cLBK | ||
| 999 |
_c21917 _d21917 |
||
| 945 |
_a1 _bMadushi Gamage _c1 _dMadushi Gamage |
||